الليبرالية العربية : جدلية الدين والحداثة

Bibliographic Details
Main Author: شافعي، حسن محمد (Author)
Format: Book
Language:Arabic
Published: قاهرة : المكتبة الازهرية للتراث 2020
Edition:الطبعة الاولى
Subjects:

MARC

LEADER 00000cam a2200000 7i4500
001 0000098677
005 20210826093000.0
008 200624s2020 ua ara
040 |a UniSZA   |e rda 
050 0 0 |a JC574.2.A6   |b S53 2020 
090 0 0 |a JC574.2.A6   |b S53 2020 
100 1 |a شافعي، حسن محمد ,   |e author 
241 1 3 |a al-Libiraliyah al-'Arabiyah   |b jadaliyat al-Din wa-al-hadathah 
245 1 2 |a الليبرالية العربية :   |b جدلية الدين والحداثة   |c حسن محمد شافعي 
250 |a الطبعة الاولى 
264 1 |a قاهرة :   |b المكتبة الازهرية للتراث   |c 2020 
300 |a 304 pages ;   |c 24 cm. 
336 |a text  |2 rdacontent 
337 |a unmediated  |2 rdamedia 
338 |a volume  |2 rdacarrier 
504 |a Includes bibliographical references (pages 291-302) and index 
650 0 |a Islamic modernism 
650 0 |a Liberalism 
650 0 |a Liberalism   |x History 
650 0 |a Liberalism   |x Religious aspects   |x Islam 
650 0 |a Liberalism   |z Arab countries 
999 |a 1000179794   |b Book   |c OPEN SHELF (30 DAYS)   |e Gong Badak Campus